| Tag |
First Indicator |
Second Indicator |
Subfields |
| LEADER |
00000cgm a2200000Mi 4500 |
| 001 |
in00005571213 |
| 006 |
m o c |
| 007 |
cr |n||||||||a |
| 007 |
vz |za|z| |
| 008 |
190128s2010 enk060 e o vleng d |
| 005 |
20241201231952.5 |
| 035 |
|
|
|a (OCoLC)on1089753846
|
| 040 |
|
|
|a ALSTP
|b eng
|e rda
|c ALSTP
|d OCLCO
|d UPM
|d OCLCO
|d STF
|d OCLCO
|d OCLCF
|d OCLCO
|d OCLCL
|d OCLCQ
|d DXU
|
| 019 |
|
|
|a 1373449268
|a 1444004802
|
| 035 |
|
|
|a (OCoLC)1089753846
|z (OCoLC)1373449268
|z (OCoLC)1444004802
|
| 043 |
|
|
|a w------
|a a-ls---
|a a-cc---
|a a-vt---
|a n-us-hi
|
| 049 |
|
|
|a TXAM
|
| 245 |
0 |
0 |
|a Tropic of Cancer.
|n Episode 6,
|p Laos to Hawaii /
|c with Simon Reeve ; produced & directed by Jeremy Jeffs ; BBC Productions.
|
| 246 |
3 |
0 |
|a Laos to Hawaii
|
| 264 |
|
1 |
|a London, England :
|b BBC Worldwide,
|c 2010.
|
| 300 |
|
|
|a 1 online resource (60 minutes)
|
| 306 |
|
|
|a 005958
|
| 336 |
|
|
|a two-dimensional moving image
|b tdi
|2 rdacontent
|
| 337 |
|
|
|a computer
|b c
|2 rdamedia
|
| 337 |
|
|
|a video
|b v
|2 rdamedia
|
| 338 |
|
|
|a online resource
|b cr
|2 rdacarrier
|
| 347 |
|
|
|a video file
|2 rda
|
| 490 |
0 |
|
|a Academic Video Online
|
| 500 |
|
|
|a Title from resource description page (viewed January 28, 2019).
|
| 511 |
0 |
|
|a Written and presented by Simon Reeve.
|
| 520 |
|
|
|a Simon Reeve circumnavigates the globe around the 22,835 mile long Tropic of Cancer, visiting 18 different countries, meeting amazing people, witnessing bizarre and beautiful sights, and encountering spectacular and endangered wildlife. Starting in Baja California - the long strip of Mexico that descends into the Pacific Ocean, Simon travels through Cuba, the Bahamas, Mauritania, the wastelands of Southern Libya, India, Bangladesh and Burma before finally reaching the some of the most beautiful (and also some of the dirtiest) beaches in the world. From gorgeous landscapes to deserts, small fishing villages to violent drug wars, Simon finds out what makes these places fascinatingly unique. The last leg of Simon's journey begins in the jungles of Southeast Asia and ends in the tropical paradise of Hawaii. Prevented from following the tropic through China by the Chinese government, Simon instead discovers the increasing Chinese influences in neighbouring Laos and Vietnam. And in Laos, he samples some local delicacies: roast squirrel (or is it rat?) and caterpillars. In Vietnam, he discovers cruelly caged moon bears, farmed for their bile, which is used in traditional medicines. Next stop is Taiwan, and in the Tropic of Cancer primary school he meets some of the world's highest achieving children. The journey around the world ends in Hawaii, a tropical paradise blighted by environmental problems, including some of the dirtiest beaches on the planet.
|
| 546 |
|
|
|a In English.
|
| 651 |
|
0 |
|a Laos
|x Description and travel.
|
| 651 |
|
0 |
|a Hawaii
|x Description and travel.
|
| 651 |
|
0 |
|a Vietnam
|x Description and travel.
|
| 651 |
|
0 |
|a China
|x Description and travel.
|
| 651 |
|
0 |
|a Tropics
|x Description and travel.
|
| 651 |
|
0 |
|a Tropics
|x Social conditions.
|
| 651 |
|
6 |
|a Laos
|x Descriptions et voyages.
|
| 651 |
|
6 |
|a Hawaii
|x Descriptions et voyages.
|
| 651 |
|
6 |
|a Viêt-nam
|x Descriptions et voyages.
|
| 651 |
|
6 |
|a Chine
|x Descriptions et voyages.
|
| 650 |
|
7 |
|a Social conditions.
|2 fast
|0 (OCoLC)fst01919811
|
| 650 |
|
7 |
|a Travel.
|2 fast
|0 (OCoLC)fst01155558
|
| 651 |
|
7 |
|a China.
|2 fast
|0 (OCoLC)fst01206073
|1 https://id.oclc.org/worldcat/entity/E39PBJcrd4RjtCBk4wfMhTwwG3
|
| 651 |
|
7 |
|a Hawaii.
|2 fast
|0 (OCoLC)fst01208724
|1 https://id.oclc.org/worldcat/entity/E39PBJpDHCHq4YQD6kcFmkwpyd
|
| 651 |
|
7 |
|a Laos.
|2 fast
|0 (OCoLC)fst01210322
|1 https://id.oclc.org/worldcat/entity/E39PBJhxrKHVvQQHCWG3XrVwG3
|
| 651 |
|
7 |
|a Tropics.
|2 fast
|0 (OCoLC)fst01240674
|
| 651 |
|
7 |
|a Vietnam.
|2 fast
|0 (OCoLC)fst01204778
|1 https://id.oclc.org/worldcat/entity/E39PBJjhFyhTBdYgGbRpV6YwYP
|
| 655 |
|
7 |
|a Documentary television programs.
|2 fast
|0 (OCoLC)fst01710387
|
| 655 |
|
7 |
|a Documentary television programs.
|2 lcgft
|
| 655 |
|
7 |
|a Documentaires télévisés.
|2 rvmgf
|
| 700 |
1 |
|
|a Reeve, Simon,
|e host.
|
| 700 |
1 |
|
|a Jeffs, Jeremy,
|e director,
|e producer.
|
| 710 |
2 |
|
|a BBC Productions,
|e production company.
|
| 856 |
4 |
0 |
|u http://proxy.library.tamu.edu/login?url=https://www.aspresolver.com/aspresolver.asp?MARC;4044373
|z Connect to this streaming video (Alexander Street Press)
|t 0
|
| 955 |
|
|
|a Alexander Street Press subscription streaming video
|
| 994 |
|
|
|a 92
|b TXA
|
| 999 |
f |
f |
|s 50e18e95-75aa-4f58-bda8-67d1f89af64d
|i 10f7e5aa-ccd0-4473-98ae-8ed59cc0e858
|t 0
|
| 952 |
f |
f |
|a Texas A&M University
|b College Station
|c Electronic Resources
|d Available Online
|t 0
|h Library of Congress classification
|
| 998 |
f |
f |
|t 0
|l Available Online
|